Do You Know The F1 Drivers? - Statistics

General Stats
  • This quiz has been taken 24 times
  • The average score is 16 of 20
Answer Stats
Picture Hint Answer % Correct
Moustache Bottas
100%
Watched by Colapinto Doohan
100%
Fire Ball Crash Bahrain 2020 Grosjean
100%
No Podiums Hulkenberg
100%
El Predestinato Leclerc
100%
Danish Magnussen
100%
Verstappens Shoe Cleaner Perez
100%
Ice Man Raikkonen
100%
Honeybadger Ricciardo
100%
AMERICA RAHHH Sargeant
100%
Schumis Son Schumacher
100%
Lion Verstappen
100%
DU BIST WELTMEISTER Vettel
100%
Britney Rosberg
92%
GP2 Engine Alonso
90%
His Daughter and Wife got stolen by Verstappen Kvyat
90%
MazeSPIN Mazepin
90%
Wants to Open A Restaurant Tsunoda
90%
Chinese Zhou
90%
Chili Sainz
89%
His Dad Has Money Stroll
89%
Goatifi Latifi
88%
Budapest 2021 Ocon
88%
Adrian Sutil
88%
Polish (Kaje falls du das siehst LG :]) Kubica
83%
Italian Jesus Giovinazzi
82%
Flipped in Monza 2018 Ericcson
73%
Charles Leclercs Mentor Bianchi
71%
Mc Laren 2017&2018 Vandoorne
70%
No Tires In China Buemi
60%
Russian Sirotkin
46%
Flipped by Button in 2017 Wehrlein
30%
IS THAT…GOING SLOW?! Glock
25%
German Frentzen
22%
Sebastien Bourdais
20%
Commentator Davidson
0%
No matching quizzes found
Score Distribution
Percent of People with Each Score
Percentile by Number Answered
Your Score History
You have not taken this quiz